00586nam a2200181Ia 4500003000900000008004100009040001300050040001300063041000800076100002200084245006600106250001100172260001300183260000900196300001200205490000600217600018100223IT-RoPAU120407s9999 xx 000 0 und d aIT-RoPAU cIT-RoPAU aita aLudovico Geymonat aStoria del pensiero Filosofico. Ad uso dei licei scientifici. aMilano aGarzanti c1972 c21,5 cm v3 a"1° v. Filosofia antica e medievale. 281 p. 2° v. Dal Rinascimento a Kant. 320 p. 3° v. La filosofia nei secoli XIX e XX. 369 p."